00891nam a2200193 a 450000100100000000500170001000800410002704000250006810000430009324500690013626000360020530000280024150000230026950000210029250400730031395201050038695201890049199900170068000004130820201002034756.0130930s19uu dr 001 0 spa d aDO-SdBNPbspacBNPHU1 aGarcía López, Joséd1916-96792710aHistoria de la literatura española /cJosé García López. aSanto Domingo :b[s.n.,c190?]. a789 p. :bil. ;c24 cm. aEdición revisada aIncluye índice aIncluye referencias bibliográficas y notas al pie de las páginas 0010718PDaPDbPDcHDd2013-09-30iLF1l0o p41308-10r2020-06-25w2020-06-25yLFPDZNo se presta 0010718PDaPDbPDcHDd2015-08-10iLF1l0o p41308-20r2020-06-25te. 2w2020-06-25yLFPDzPerteneció a la biblioteca personal de Chiqui Vicioso / Fidelio Despradel.ZNo se presta c40798d40798